[Event "Berlin qualification op"]
[Site "Berlin"]
[Date "2010.04.05"]
[Round "3"]
[White "Metin, Altug"]
[Black "Ritter, Stefan"]
[Result "0-1"]
[WhiteElo "1757"]
[BlackElo "2022"]
[PlyCount "74"]
[EventDate "2010.04.03"]
[EventType "swiss"]
[EventRounds "9"]
[EventCountry "GER"]
[SourceTitle "EXT 2012"]
[Source "ChessBase"]
[SourceDate "2011.11.24"]
[SourceVersion "1"]
[SourceVersionDate "2011.11.24"]
[SourceQuality "1"]

1. e4 e5 2. d4 exd4 3. c3 dxc3 4. Nxc3 d6 5. Bc4 Be6 6. Bxe6 fxe6 7. Qb3 Qc8 8. Nf3 Nc6 9. 0-0 Be7 10. Re1 e5 11. Ng5 Nd8 12. Nd5 c6 13. Nxe7 Nxe7 14. Be3 h6 15. Nf3 Qe6 16. Qd3 g5 17. Rad1 Nf7 18. b3 0-0 19. h4 g4 20. Nh2 c5 21. g3 Nc6 22. Nf1 Nd4 23. Nd2 Kh8 24. Kg2 Rg8 25. Bxd4 exd4 26. f4 gxf3+ 27. Qxf3 Ne5 28. Qf5 Qe7 29. Kh3 Raf8 30. Qh5 Qd7+ 31. Kg2 Qg7 32. Nf1 Rf3 33. Re2 Rxg3+ 34. Nxg3 Qxg3+ 35. Kh1 Ng4 36. Rdd2 Qh3+ 37. Rh2 Qf1# 0-1

[Event "Berlin op 10"]
[Site "Berlin"]
[Date "2003.10.27"]
[Round "3"]
[White "Ritter, Stefan"]
[Black "Kiesekamp, Marcos"]
[Result "1/2-1/2"]
[WhiteElo "2007"]
[BlackElo "2173"]
[PlyCount "86"]
[EventDate "2003.10.13"]
[EventType "swiss"]
[EventRounds "7"]
[EventCountry "GER"]
[SourceTitle "EXT 2007"]
[Source "ChessBase"]
[SourceDate "2006.11.23"]
[SourceVersion "1"]
[SourceVersionDate "2006.11.23"]
[SourceQuality "1"]

1. e4 c5 2. Nf3 Nc6 3. d4 cxd4 4. Nxd4 Nf6 5. Nc3 d6 6. Be2 e5 7. Nb3 Be7 8. Bg5 0-0 9. Bxf6 Bxf6 10. Bg4 Bh4 11. Bxc8 Rxc8 12. 0-0 a6 13. Qg4 Nb4 14. Rad1 Nxc2 15. Nd5 b5 16. g3 Bg5 17. f4 Bf6 18. fxe5 Bg5 19. h4 Be3+ 20. Kh1 Rc4 21. Na1 Bc5 22. b3 h5 23. Qg5 Qxg5 24. hxg5 Rxe4 25. Ne7+ Kh8 26. Nxc2 Re8 27. exd6 Bxd6 28. Ng6+ fxg6 29. Rxd6 Re2 30. Nd4 Rd2 31. Re6 Rc8 32. Nc6 Kh7 33. a4 Rd3 34. axb5 axb5 35. Rxg6 Kxg6 36. Ne5+ Kxg5 37. Nxd3 Rc3 38. Nc1 Rxg3 39. Rg1 Kh4 40. Rxg3 Kxg3 41. Ne2+ Kf2 42. Nc3 Ke3 43. Nxb5 Kd3 1/2-1/2